|
|
|
|
| LEADER |
01023nam a2200277 a 4500 |
| 001 |
000452354 |
| 003 |
CZ BrMZK |
| 005 |
20120311163557.0 |
| 007 |
ta |
| 008 |
990305s1992 xr a f cze d |
| 015 |
|
|
|a cnb000086537
|
| 035 |
|
|
|a (OCoLC)28119005
|
| 040 |
|
|
|a BOA001
|b cze
|
| 080 |
|
|
|a 885.0-31
|2 MRF
|
| 100 |
1 |
|
|a Bondy, Egon,
|d 1930-2007
|7 jk01012610
|4 aut
|
| 245 |
1 |
0 |
|a Cesta Českem našich otců :
|b (Píkarský román - obžaloba) /
|c Egon Bondy ; ilustr. Jan Pacák
|
| 250 |
|
|
|a 1. vyd.
|
| 260 |
|
|
|a Praha :
|b Česká expedice,
|c 1992
|
| 300 |
|
|
|a 178 s.
|
| 500 |
|
|
|a Dosl. o aut.
|
| 856 |
4 |
1 |
|u http://www.digitalniknihovna.cz/mzk/uuid/uuid:31bddb80-60b5-11e3-ac69-005056827e51
|y Digitalizovaný dokument
|x NDK
|
| 910 |
|
|
|a BOA001
|b 2-0992.707
|b PK-0117.945
|
| 920 |
|
|
|a 000043108
|
| 990 |
|
|
|a BK
|
| 996 |
7 |
|
|b 2619749316
|c 2-0992.707
|l MZK
|r Sklad / do 1 hodiny
|n 39
|w 000452354
|u 000010
|a 1
|e BOA001
|j MZK50
|s A
|
| 996 |
7 |
|
|b 3119986576
|c PK-0117.945
|l MZK
|r Sklad / do 1 hodiny
|n 16
|w 000452354
|u 000020
|a 1
|e BOA001
|j MZK50
|s A
|